[Event "Match 78__120'/40"]
[Site "Zurich"]
[Date "2024.??.??"]
[Round "26"]
[White "Mephisto Polgar sel. 5"]
[Black "Saitek D+ EGR 10 MHz"]
[Result "1-0"]
[WhiteElo "1991"]
[BlackElo "1992"]
[Annotator "Utzinger,K"]
[PlyCount "144"]
[EventDate "2024.05.22"]
[EventType "match"]
[SourceVersionDate "2024.04.21"]

{[%evp 0,144,19,38,25,16,14,12,26,1,3,-2,-9,12,10,0,54,51,43,20,28,24,28,28,28,15,39,39,39,27,73,48,49,35,36,25,48,34,53,65,63,63,67,63,69,88,77,88,94,94,126,65,79,85,294,259,259,259,349,350,350,348,373,375,368,277,234,236,256,248,240,240,240,241,239,239,246,227,229,188,211,212,197,213,213,205,185,181,208,202,203,109,115,111,139,151,190,192,193,208,204,213,218,207,217,230,225,197,184,181,206,213,228,219,231,245,235,253,271,268,283,290,385,407,452,288,318,291,533,546,646,719,758,666,880,924,1016,1123,1349,1907,2381,29968,2788,2334,1065,2663,2822]} 1. e4 e5 {Match 120'/40 | Bediener: Rolf Bühler | 16.08.2024 | 26. Partie: Weiss (Mephisto Polgar) gewinnt | Zwischenstand: 13,5-12,5 (51,9%) für Saitek D+ / hypothetisch: 16,0-10,0 (61,5%) für Mephisto Polgar | Eröffnung: Giuoco Piano | In dieser Partie, die aus der ruhigen Italienischen Eröffnung entsteht, lässt der mit Weiss agierende Mephisto Polgar dem Gegner keine Chance. Der Saitek D+ wird im Mittelspiel durch den hübschen Zug 27.Sb5!! taktisch an die Wand gespielt und man landet schliesslich in einem für Weiss einfach zu gewinnenden Turmendspiel mit 2 Bauern mehr. Mangelndes Endspielwissen hat zur Folge, dass Ed Schröder's Programm seine klare Gewinnstellung noch in den Sand setzt. Die gleiche Endspielschwäche des Saitek D+ führt jedoch dazu, dass das Programm von Julio Kaplan die mögliche Rettung nicht findet und am Ende doch noch die Waffen strecken muss.} 2. Nf3 Nc6 3. Bc4 Bc5 4. c3 Nf6 5. d4 exd4 6. cxd4 Bb4+ 7. Bd2 Bxd2+ 8. Nbxd2 d5 9. exd5 Nxd5 10. Qb3 Na5 {***ENDE BUCH*** = (0.00) (50%) (+2% =97% -2%)} 11. Qa4+ {***ENDE BUCH*** = (0.00) (50%) (+2% =97% -2%)} Nc6 12. Qb3 Nce7 {Schwarz will offenbar gewinnen.} ({Remis durch 3-fache Zugwiederholung kann es werden nach} 12... Na5 13. Qa4+ Nc6 14. Qb3 Na5 {remis}) 13. O-O O-O 14. Rac1 Re8 15. Rfe1 c6 16. Re5 a5 17. a4 Ra7 18. Rce1 Bd7 19. Nb1 $11 {[#]} Be6 $2 {[%mdl 2] +- (1.76) (98% +96% =4% -0%) Ein den Keim des Verlustes in sich tragender Missgriff, wie die Bewertung dazu zeigt.} (19... Ng6 $1 {= (0.06) (50% +2% =97% -1%) und alles ist im Lot.}) 20. Ng5 $1 {Die beste Antwort.} Nf5 21. Bxd5 $2 $14 {Ein schlechter Tausch, der den weissen Vorteil fast vernichtet.} (21. Nxe6 $1 Rxe6 22. Qd3 g6 23. Nc3 {+- (1.61) (96% +92% =8% -0%) Und Schwarz hat es sehr schwer, die Partie noch zu halten.}) 21... cxd5 22. Qxd5 $2 $11 {Nach dieser erneuten Ungenauigkeit, anstelle von 22.Sxe6 +/=, kann von weissem Vorteil keine Rede mehr sein.} (22. Nxe6 Rxe6 23. Kf1 Rxe5 24. Rxe5 Ne7 25. Nc3 f6 26. Re2 $14) 22... Nxd4 $2 {Aber auch Schwarz ist nicht auf der Höhe und gerät nun wieder in eine schlechte Stellung.} (22... Qxg5 $1 23. Rxf5 $1 Qd8 24. Qxd8 (24. Qb5 $2 Bd7 $19) 24... Rxd8 $11) 23. Qe4 $16 {Die Doppeldrohung Dxh7+ und Td1 mit Figurengewinn erzwingt die folgende Antwort.} f5 $16 24. Qe3 $2 $11 {Um den Vorteil festzuhalten, war 24.Dd3 notwendig.} Ra6 25. Na3 Qd7 $6 {ungenau} (25... h6 $1 26. Nb5 Nc2 (26... Nxb5 $2 27. axb5 Rd6 28. Nxe6 $18) 27. Qb3 $1 Na1 $1 28. Nxe6 Nxb3 29. Nxd8 Rxd8 30. Rxf5 Re6 $1 $11) 26. Qd3 $14 Qxa4 $2 $18 {[%mdl 2] Schwarz stolpert wieder in den Verlust: 26...h6 war richtig.} {[#]} 27. Nb5 $3 $18 {Eine taktische Bombe, die ich dem Mephisto Polgar nicht zugetraut hätte.} Nxb5 28. Qd7 $1 {Und hier der wichtige Folgezug, einfach hübsch.} Nc3 (28... Bxd7 $4 29. Rxe8+ Bxe8 30. Rxe8# {Matt}) 29. Rxe6 Raxe6 30. Qf7+ Kh8 31. Nxe6 {Der Schluss der schönen Kombination. Es droht Matt auf g7 und ...Txe6? scheitert an Df8 Matt.} Ne2+ (31... Rg8 32. bxc3 $18) 32. Kf1 Rg8 33. Rxe2 {Auch so hat Weiss eine Figur gewonnen.} Qd1+ 34. Re1 Qd3+ 35. Kg1 Qd2 36. Rf1 Qxb2 37. Qxf5 $18 {Die weisse Stellung ist gewonnen. Um den Angriff der weissen Figuren abzuwenden, hat Schwarz kaum etwas Besseres als den Damentausch anzustreben.} Qf6 38. Qxf6 gxf6 39. Rb1 {Weiterer Materialverlust für Schwarz ist nun nicht mehr zu vermeiden.} Rb8 40. Nc5 {Genügend, aber systematischer war 40.Sd4, was den Bauernvormarsch b7-b5 hemmt.} b5 41. Nd7 Rb7 42. Nxf6 b4 {Unter Oldies muss man nun noch Angst haben, dass die beiden verbundenen schwarzen Freibauern dem Weiss noch Sorgen bereiten könnten.} 43. Ne4 Kg7 {Konsequenter war 43...a4} 44. Nd6 {Am einfachsten hätte Weiss seinen König mit 44.Kf1 in den Kampf werfen sollen.} Rb8 45. Ra1 {Es geht genauer.} (45. Nc4 a4 46. Kf1 Rb7 (46... b3 47. Ra1 Ra8 48. Ra3 $18) 47. Ra1 Ra7 48. Ne3 Kf7 49. Ke2 a3 50. Nc2 b3 51. Nxa3 b2 52. Rb1 Rxa3 53. Rxb2 $18) 45... b3 46. Nc4 Rc8 47. Nb2 a4 (47... Rc2 {hilft auch nicht mehr} 48. Rb1 Kg6 49. g3 Kf5 50. Kg2 Ke4 (50... Rc5) 51. Na4 $18) 48. Nxa4 Ra8 49. g3 b2 50. Rb1 Rxa4 51. Rxb2 $18 {[#] Das Turmendspiel mit 3 weissen und 1 schwarzen Bauern am Königsflügel ist für Schwarz natürlich hoffnungslos. Trotzdem ist die Sache für unsere Oldies eine Herausforderung.} Ra7 52. f4 Kf6 53. g4 $6 {Den König mit 53.Kg2 zu aktivieren, wäre das systematischere Vorgehen. Denn nach der folgenden Antwort muss Weiss seinen Turm passiv aufstellen.} Ra4 54. Rf2 Rc4 55. Kg2 Ra4 {[#]} 56. h4 $4 {Ein schlimmer Fehler, wonach Schwarz das Turmendspiel retten könnte. Natürlich musste Weiss seinen König aktivieren.} Rb4 $2 {Wie üblich sind beide Programme in diesem Endspiel hilflos, so dass Schwarz die richtige Verteidigung nicht finden kann.} (56... h5 $3 {zerstört alle weissen Träume} 57. Kg3 (57. g5+ Kf5 58. Kg3 Ra1 59. Kh2 (59. Rb2 Ra3+ 60. Kh2 Kxf4 $11) (59. Rf3 Rg1+ 60. Kh2 Rb1 $11) 59... Ra3 60. Rg2 Ra7 61. g6 Rg7 62. Rg5+ (62. Rg1 Kxf4 63. Rg5 Kf3 $11) 62... Kxf4 63. Kg2 Ke3 64. Kg3 Ke4 65. Kf2 Kf4 $11) 57... hxg4 58. Kxg4 $11 {mit einer klassischen Remisposition im Turmendspiel mit den beiden Freibauern auf der f- und h-Linie.} Ra1 {Viele andere Züge genügen auch.} 59. h5 Ra3 60. Rh2 Kg7 61. Kg5 Rb3 62. Kf5 Rb1 63. Ra2 (63. h6+ Kh7 $11) 63... Rb5+ 64. Kg4 Rb1 65. Ra6 Rb5 66. Rg6+ Kf7 67. Rg5 Rb1 68. h6 Ra1 69. h7 Rg1+ $1 {Alles andere verliert.} 70. Kf5 Rh1 71. Ke4 Rxh7 72. Ra5 Rh6 {und diese bekannte Remisposition mit dem Turm auf der 6. Reihe ist selbst dann nicht zu gewinnen, wenn der schwarze König auf die 8. Reihe gedrängt wird, z.B.} 73. Ra7+ Kf8 74. Ke5 Rb6 {Schwarz wartet mit seinem Turm auf der 6. Reihe ab. Und erst wenn der weisse Bauer nach f6 vorgerückt ist, weicht der Turm rückwärts aus und beginnt den weissen König mit Schachs zu verfolgen.} 75. f5 Rh6 76. f6 Rh1 $1 77. Ke6 Re1+ $11 {Weiss kommt nicht weiter.}) 57. Kg3 {Jetzt kann Weiss wieder gewinnen.} Rb3+ (57... h5 {hilft nun nicht mehr} 58. g5+ Kf5 59. Rf3 Rb1 60. Ra3 Rg1+ 61. Kf2 Rb1 62. Ra5+ Kxf4 63. g6 Rb6 64. g7 Rg6 65. Rg5 $18) 58. Rf3 Rb1 59. f5 Rg1+ 60. Kf4 Rh1 61. g5+ Kg7 62. Kg3 Rg1+ 63. Kh3 Rh1+ 64. Kg4 Rc1 (64... Rg1+ 65. Kh5 Ra1 66. Rb3 Ra7 67. f6+ Kf7 68. Re3 Ra4 (68... Rb7 69. Re7+ Rxe7 70. fxe7 Kxe7 71. Kh6 $18) 69. Re7+ Kg8 70. Rg7+ Kf8 71. Rxh7 $18) 65. Kh5 Rc2 66. Rf4 Rc7 67. f6+ Kg8 68. Kh6 Rg7 69. h5 ({Aber ja nicht} 69. fxg7 $4 {Patt}) 69... Rd7 70. f7+ Kf8 (70... Rxf7 71. Rxf7 Kxf7 72. Kxh7 $18) 71. Kxh7 Rd5 72. Kh6 Rd3 {***AUFGEGEBEN***} 1-0

[Event "Match 78__120'/40"]
[Site "Zurich"]
[Date "2024.??.??"]
[Round "27"]
[White "Saitek D+ EGR 10 MHz"]
[Black "Mephisto Polgar sel. 5"]
[Result "0-1"]
[WhiteElo "1992"]
[BlackElo "1991"]
[Annotator "Utzinger,K"]
[PlyCount "133"]
[EventDate "2024.05.22"]
[EventType "match"]
[SourceVersionDate "2024.04.21"]

{[%evp 0,133,19,38,25,16,14,23,25,0,10,-5,0,-1,4,2,16,-8,-18,-13,-14,-24,-17,-21,-14,-17,-14,-13,-6,-16,-11,-22,-25,-34,-40,-35,-36,-38,-23,-145,-154,-151,-160,-163,-166,-190,-226,-206,-192,-194,-228,-212,-176,-224,-242,-242,-238,-562,-462,-492,-522,-509,-521,-521,-332,-347,-344,-344,-350,-363,-375,-365,-370,-363,-378,-384,-384,-547,-586,-679,-377,-379,-386,-386,-394,-418,-417,-422,-394,-449,-394,-471,-419,-483,-426,-421,-421,-421,-383,-383,-383,-447,-405,-389,-389,-389,-389,-454,-432,-454,-447,-444,-457,-475,-476,-476,-476,-476,-476,-476,-461,-461,-461,-462,-461,-461,-461,-461,-436,-1143,-1143,-1143,-1893,-29967,-1934,-29973]} 1. e4 e5 {Match 120'/40 | Bediener: Rolf Bühler | 20.08.2024 | 27. Partie: Schwarz (Mephisto Polgar) gewinnt | Zwischenstand: 13,5-13,5 (50%) Ausgleich / hypothetisch: 17,0-10,0 (62,9%) für Mephisto Polgar | Eröffnung: | Offenere Spanier, Anderssen Variante 5.d3 | Eine bis zum 18. Zug ruhige Partie mit diversen Feinheiten, die beide Programme nicht verstehen können. Nach dem Fehler 19.Sg5? kann Schwarz einen unwiderstehlichen Angriff gegen die weisse Königsstellung in die Wege leiten. Die Schlussphase dieser Partie behandelt der Mephisto Polgar sel. 5 ausgesprochen gut und lässt seinem Gegner nicht den Hauch einer Chance. Endlich hat das holländische Programm von Ed Schröder im Match wieder Gleichstand erreicht.} 2. Nf3 Nc6 3. Bb5 a6 4. Ba4 Nf6 5. d3 {***ENDE BUCH*** = (0.09) (51%) (+5% =92% -3%)} d6 {***ENDE BUCH*** = (0.09) (51%) (+5% =92% -3%)} 6. Bxc6+ $6 {Dieser Lieblingszug des berühmten Schachmeisters Adolf Anderssen (06.07.1818 - 13.03.1879) aus Breslau ist heute praktisch aus der Turnierarena verschwunden. Gegen den grossen Wilhelm Steinitz hat Adolf Anderssen in Turnier- und Wettkampfpartien eine minimale Negativbilanz von 9 : 10. Mit dem Textzug wird die Spannung zu frühzeitig aufgehoben und freiwillig auf das Läuferpaar verzichtet.} (6. c3 {ist die üblichste Fortsetzung, was dem Läufer nach einmal ...b5 das Rückzugsfeld c2 freimacht.}) (6. c4 {die Duras Variante ist eine Alternative, die sowohl ...b5 als auch ...d5 unterbindet.}) 6... bxc6 7. Nc3 Bg4 (7... c5 {richtig sich gegen d3-d4 und gilt als beste Wahl.}) 8. Bg5 {Keine wirksame Fesslung, da Sc3-d5 keine Drohung darstellt. Die sofortige Befragung des Lg4 durch 8.h3 verdient den Vorzug. Auch in den Datenbanken lässt sich keine Meisterpartie mit dem Textzug finden, denn nach 8...h6 steht Weiss vor der unangenehmen Wahl, wohin mit dem Läufer, da der Tausch Lxf6 keinesfalls erstrebenswert sein kann.} Rb8 9. Rb1 h6 $11 {Ohne sich anstrengen zu müssen, hat Schwarz mindestens Ausgleich erreicht.} 10. Bh4 $6 {Die falsche Diagonale, weil Schwarz nach 10...g5 bereits leicht besser steht.} Be7 {Verpasst das konsequente ...g5.} (10... g5 $1 11. Bg3 {Dieser Läufer ist für längere Zeit zu einem grossen Bauern degradiert.} Bg7 $15) 11. h3 Bh5 12. O-O {Es geht genauer, wie Beast 15 MPV zeigt.} ({Beast 15 MPV-avx2:} 12. Bxf6 {[%emt 0:00:58] = 0.03 (50%) ST} Bxf6 13. Qe2 d5 14. O-O O-O 15. b3 Re8 16. Nd1 Bg6 17. Ne3 dxe4 18. dxe4 Bxe4 19. Rbd1 Qe7 20. Rfe1 Bg6 21. Qxa6 Qc5 22. Qc4 Qxc4 23. Nxc4 Ra8 24. Ncxe5 Bxc2 25. Rc1 Rxa2 26. Nd7 Rxe1+ 27. Rxe1 Bxb3 28. Re8+ Kh7 29. Nf8+ Kh8 30. Ng6+ Kh7 {[%eval 3,58] [%wdl 26,953,21]}) 12... O-O $11 {Geht am vorteilhaften Läufertausch mit 12...Sh7 vorbei.} (12... Nh7 $1 13. Bxe7 Qxe7 14. g4 Bg6 15. Kg2 h5 16. Rh1 Nf8 17. Qd2 Ne6 18. Ne2 Kd7 $15) 13. Qe2 (13. Bxf6 $1 Bxf6 14. Qe2 $11) 13... c5 (13... g5 14. Bg3 Qd7 $15) 14. Bxf6 Bxf6 15. Qe3 c6 16. a4 {sinnlos} (16. g4 Bg6 17. b3 $11) 16... Be7 (16... Bxf3 $5 17. Qxf3 g6 $11) 17. b3 (17. g4 {Nimmt den gegnerischen Läufer aus dem Spiel.} Bg6 18. b3) 17... Qd7 18. Qe2 $6 (18. g4 $1 {denn} Bxg4 $6 {sieht gefährlich aus, aber scheint ungenügend nach} 19. hxg4 Qxg4+ 20. Kh1 Qh5+ 21. Nh2 f5 22. exf5 Rxf5 23. Ne4 Rf4 24. Rg1 Rbf8 25. Rg2 R8f7 (25... Bh4 $2 26. Qh3 $18) 26. Rbg1 Rh4 27. Qe1 $18 {wobei der Gewinn für unsere Oldies kaum zu bewerkstelligen wäre.}) 18... Qe6 {Mit 18...f5! hätte Schwarz die Initiative ergreifen können, was aber für unsere Oldies zu tief ist. [#]} 19. Ng5 $2 $19 {[%mdl 2] Schlicht ein Verlustzug. -+ (-2.55) (0%) (+0% =0% -100%) Weiss musste sich für 19.g4 entscheiden mit = (-0.23) (48%) (+1% =96% -4%) nur leichten Vorteil für Schwarz.} Qg6 20. Nf3 f5 $1 {Danach bricht die weisse Stellung zusammen. Den Rest der Partie meistert der Mephisto Polgar bravourös.} 21. Kh1 fxe4 22. Nxe4 $6 {Schlagen mit der Dame war etwas besser.} Bxf3 23. gxf3 {Die weisse Königsstellung ist tödlich geschwächt.} Qe6 (23... Qh5 $19 {war noch stärker}) 24. Kh2 d5 25. Ng3 Rb4 26. Kg2 Rbf4 {In wenigen Zügen ist die weisse Stellung zu einer Ruine geworden.} 27. Rh1 Bd6 28. Nf1 Rxf3 {Auch 28...e4 gewinnt.} 29. Qxf3 Rxf3 30. Kxf3 e4+ {Der Mephisto Polgar im tödlichen Angriffsmodus.} 31. Kg2 (31. dxe4 $4 Qxe4# {Matt}) 31... exd3 32. cxd3 c4 $1 33. Ng3 cxd3 {Ein tödlicher Freibauer.} 34. Rbd1 Bxg3 35. Kxg3 Qe2 36. Rde1 Qc2 37. Rb1 d2 38. Kf3 c5 $1 {Schwarz möchte mit ...c4 verbundene Freibauern bilden.} 39. Ke3 d4+ {Hier war 39...c4 einfacher und auch logischer. Am schwarzen Gewinn ändert sich aber auch nach dem Textzug nichts.} 40. Kf3 Qd3+ 41. Kg2 Qe4+ 42. f3 Qe2+ 43. Kg3 Kf7 44. Rhg1 Kf6 45. Rh1 a5 46. Rbd1 g6 47. h4 Ke6 48. Rb1 g5 49. hxg5 hxg5 50. Ra1 Kd6 51. Rad1 Qe5+ 52. Kg2 Qe3 53. Rb1 Qe2+ 54. Kg3 Kd5 55. Rbd1 Qe3 56. Rb1 Qf4+ 57. Kg2 g4 {Entblösst den weissen König völlig und erlaubt das Eingreifen des eigenen Königs.} 58. fxg4 Qxg4+ 59. Kh2 Ke4 60. Rhg1 Qe2+ 61. Kg3 (61. Rg2 d1=Q $19) 61... Kd3 62. Rh1 Kc2 {Der Bauernumwandlung mit Übergang in ein gewonnenes Bauernendspiel steht nun nichts mehr im Weg.} 63. Kf4 d3 64. Rhg1 d1=Q 65. Rbxd1 Qxd1 66. Rxd1 Kxd1 67. Ke3 {***AUFGEGEBEN***} 0-1

[Event "Match 78__120'/40"]
[Site "Zurich"]
[Date "2024.??.??"]
[Round "28"]
[White "Mephisto Polgar sel. 5"]
[Black "Saitek D+ EGR 10 MHz"]
[Result "1-0"]
[WhiteElo "1991"]
[BlackElo "1992"]
[Annotator "Utzinger,K"]
[PlyCount "80"]
[EventDate "2024.05.22"]
[EventType "match"]
[SourceVersionDate "2024.04.21"]

{[%evp 0,80,19,38,43,18,28,25,16,32,73,68,126,126,111,81,132,126,119,95,135,148,147,125,98,110,145,145,120,101,95,83,89,47,85,56,42,46,122,60,523,519,494,488,493,487,481,481,476,463,471,448,444,441,454,439,423,425,468,407,706,698,766,766,783,783,783,777,839,861,982,1028,1055,1055,1135,1135,1385,1669,1735,1802,2045,1736,1939]} 1. e4 e6 {Match 120'/40 | Bediener: Rolf Bühler | 21.08.2024 | 28. Partie: Weiss (Mephisto Polgar) gewinnt | Zwischenstand: 14,5-13,5 (51,7%) für Mephisto Polgar / hypothetisch: 18,0-10,0 (64,2%) für Mephisto Polgar | Eröffnung: Französische Verteidigung, Winawer System, Petrosjan Variante 4...Dd7 | Der Saitek D+ behandelt schon die Eröffnung gar nicht im Geiste der Erfinder. Und mit 9...c4? hebt er die Spannung im Zentrum auf und erhält einen schlechten weissfeldrigen Läufer. Das ist schon fast der positionelle Ruin der Stellung. Das endgültige Aus kommt dann mit 19...g6??, weil der schwarzen Dame der Rückweg abgeschnitten wird und die dann angegriffene Dame sich opfern muss. Mit diesem Sieg übernimmt der Mephisto Polgar erstmals seit der 4. Partie wieder die Führung in diesem Match.} 2. d4 d5 3. Nc3 Bb4 4. e5 Qd7 {***ENDE BUCH*** +/- (0.93) (72% +45% =55% -0%)} 5. Qg4 {***ENDE BUCH*** +/- (0.79) (67% +34% =66% -0%)} Bxc3+ $6 {Schon der erste selbst berechnete Zug nach Ende der Eröffnungsbibliothek bescheinigt, dass Schwarz keinen blassen Dunst von der korrekten Behandlung dieses Systems hat: Da Weiss auf a3 verzichtet hat, käme keinem Kenner der Französischen Verteidigung in den Sinn, diesen Läufer ohne Not zu tauschen.} (5... Bf8 {ist ein typischer Zug des Ex-Weltmeisters Tigran Petrosjan, dessen Strategie es fast stets war, aus der Defensive heraus anzugreifen.} 6. Nf3 b6 $14) (5... f5 {ist die meist gespielte Fortsetzung, was den Sinn von 4...Dd7 am besten offenbart: der g7-Bauer ist gedeckt.} 6. Qg3 b6 $14) 6. bxc3 f5 7. Qg5 {Normalerweise zieht sich die Dame nach g3 zurück.} c5 $2 {Keine gute Idee.} 8. Bb5 $1 {Gut erkannt, dass dieser Läufer wegen Dxg7 tabu ist.} Nc6 9. Nf3 $6 {Verpasst eine gute Möglichkeit, denn 9.La3! +- (2.32) (100% +99% =1% -0%) war deutlich stärker.} {[#]} c4 $2 $18 {[%mdl 2] Solche Züge verursachen einem Französisch Spieler echt Schmerzen. Schwarz hätte 9...cxd4 versuchen sollen.} 10. Ba3 Qf7 $18 11. Rb1 $16 {Die Engine packt folgende komplizierte Gewinnvariante aus:} (11. Bxc6+ {Bewertung: +- (2.91) (100% +100% =0% -0%) Depth: 45/60} bxc6 12. h4 h6 13. Qg3 g6 14. Kd2 f4 15. Qh3 Ba6 16. g4 $18) 11... Bd7 12. Qh4 {Auf die Idee, dass 12.Dc1 besser wäre, käme ein Oldie wohl nie.} b6 {Die bessere Verteidigung war 12...Sd8.} 13. Ng5 Qg6 14. O-O $2 {Vergibt den Vorteil.} (14. Bxc6 $1 Bxc6 15. Nh3 Qf7 16. Nf4 $16) 14... h6 15. f4 Nb8 $2 {Ein falscher Rösselsprung. Nach 15...Sce7! hat Weiss fast nichts mehr.} 16. Bxd7+ $6 {Verpasst eine starke Fortsetzung.} ({Nach} 16. g4 $1 $16 {steht Weiss wieder spürbar besser.} Bxb5 (16... fxg4 17. Nxe6 Qxe6 18. f5 Qf7 19. e6 $18) 17. Rxb5 Kd7 {noch am besten} 18. Nxe6 Qxe6 (18... Kxe6 $2 19. Qd8 $18) 19. gxf5 Qxf5 20. Rxd5+ Kc7 21. Qd8+ Kb7 22. Rd6 $16) 16... Nxd7 $14 (16... Kxd7 $1 $11 {gleicht hier erstaunlicherweise aus.}) 17. Rf3 {Nur 17.Kh1 überlässt Weiss noch ein geringes Plus.} O-O-O $11 18. Nh3 Qg4 19. Qe1 {[#]} g6 $4 $18 {[%mdl 2] Ein schrecklicher Zug, welcher der schwarzen Dame einen Rückzug verunmöglicht, so dass sich die stärkste Figur nach der folgenden Antwort opfern muss. Offenbar sind 8 Halbzüge in einer fast forcierten Variante für den Saitek D+ zu viel, um das zu erkennen.} 20. Nf2 Qxf3 (20... Qh4 21. Rh3 Qxf4 22. Bc1 Qxc1 23. Qxc1 $18) (20... Qh5 21. Rh3 Qxh3 22. Nxh3 $18) 21. gxf3 {Umgerechnet hat Schwarz vier Bauerneinheiten zu wenig.} Rh7 22. h3 (22. Ne4 $3 {entkorkt die Engine als schnellsten Gewinnweg; entweder nistet sich der Springer tödlich auf d6 ein oder es öffnet sich die Stellung.} fxe4 (22... Ne7 23. Bxe7 Rxe7 24. Nd6+) 23. fxe4 Kb7 24. Kh1 g5 25. Qf1 Nf8 (25... Rf7 26. f5 $18) 26. f5 Ne7 27. f6 Neg6 28. Bxf8 Nxf8 29. exd5 Rxd5 (29... exd5 30. Re1 $18) 30. Qxc4 g4 31. Qd3 Rd8 32. a4 Rhd7 33. a5 Rd5 34. Rb5 h5 35. a6+ Kb8 36. Rxd5 Rxd5 37. Qc4 $18) 22... Ne7 23. Bd6 (23. Ne4 $3 $18 {ist auch hier die schnellste Gewinnidee.}) 23... Nc6 24. Kh1 (24. Ne4 $3 $18) 24... Rg7 25. Qe3 (25. Ne4 $3 $18) 25... Rdg8 26. a3 (26. Ne4 $3 $18) 26... g5 27. Re1 (27. Rg1 {geht auch, denn nach} gxf4 28. Rxg7 fxe3 29. Rxg8+ Nd8 30. h4 exf2 31. Kg2 $18 {gewinnt Weiss}) 27... gxf4 28. Qxf4 Rg2 $2 {Das verschlimmert die Situation nur.} 29. Ng4 Rxc2 30. Qxh6 $1 {Das ist noch stärker als 30.Sxh6, was ebenfalls gewinnt.} fxg4 {Alles andere verliert auch.} 31. Qh7 {Doppelangriff auf die Türme g8 und c2.} Rg5 32. Qxc2 gxf3 33. Qf2 a6 34. Rg1 Rxg1+ 35. Kxg1 {Man könnte mit 1-0 abbrechen, sichern doch die materielle Überlegenheit und der freie h-Bauer dem Weissen einen leichten Sieg. Aber wie immer wird bis zum bitteren Ende gespielt.} b5 36. h4 Nd8 37. Qxf3 a5 38. h5 {Die Engine zeigt Matt in 12 Zügen an.} b4 39. axb4 a4 40. b5 {Nach dem folgenden Zug wird der Bediener erlöst.} Kb7 {***AUFGEGEBEN***} 1-0